[Event "Lichtenberger Sommer 2019"]
[Site "Berlin"]
[Date "2019.08.19"]
[Round "3.24"]
[White "Hoffbauer, Jörg"]
[Black "Krefenstein, Sergej"]
[Result "0-1"]
[WhiteElo "1773"]
[BlackElo "2125"]
[PlyCount "58"]
[EventDate "2019.??.??"]
[WhiteTeam "SF 1903 Berlin"]
[BlackTeam "BSC Rehberge"]

1. d4 Nf6 2. c4 e6 3. a3 b6 4. Nc3 Bb7 5. f3 d5 6. e3 Be7 7. b3 O-O 8. Bd3 c5
9. Nge2 Nc6 10. dxc5 dxc4 11. Bxc4 Bxc5 12. b4 Bd6 13. Bb3 Qb8 14. f4 Rd8 15.
Qc2 Bxb4 16. O-O Bc5 17. Ng3 Na5 18. Ba2 Ba6 19. Rf3 Qc7 20. Kh1 Bd3 21. Qb2
Rac8 22. Bd2 Qd6 23. Rd1 Bxa3 24. Qa1 Bc2 25. Nb5 Qe7 26. Rff1 Bxd1 27. Rxd1
Rxd2 28. Nxa3 Rxd1+ 29. Qxd1 Qxa3 0-1

[Event "Lichtenberger Sommer 2019"]
[Site "Berlin"]
[Date "2019.08.19"]
[Round "3.25"]
[White "Heuser, Philip"]
[Black "Guder, Sibylle"]
[Result "1/2-1/2"]
[WhiteElo "2064"]
[BlackElo "1893"]
[PlyCount "136"]
[EventDate "2019.??.??"]
[WhiteTeam "Münchener SC"]
[BlackTeam "SF 1903 Berlin"]

1. Nf3 Nf6 2. b3 d6 3. d4 g6 4. Bb2 Bg7 5. g3 O-O 6. Bg2 Nbd7 7. O-O c5 8. c4
Rb8 9. Nc3 a6 10. dxc5 Nxc5 11. Nd4 Bd7 12. Rc1 Ne6 13. Rc2 Nxd4 14. Qxd4 Bf5
15. Ne4 Qd7 16. Rd1 Nh5 17. Qb6 Bxb2 18. Rxb2 Bxe4 19. Bxe4 Nf6 20. Bf3 Rfc8
21. Rbd2 Qc7 22. Qe3 b6 23. Qh6 Qd8 24. h4 Qf8 25. Qe3 h5 26. Qd3 a5 27. Bg2
Nd7 28. f4 Nc5 29. Qf3 Qg7 30. Kh2 Nd7 31. Bh3 Rc7 32. e4 Nf8 33. f5 Nd7 34.
fxg6 fxg6 35. Be6+ Kh7 36. Bxd7 Rxd7 37. Rf2 Rbb7 38. Rd5 e6 39. Rdd2 Rf7 40.
Qe3 Rxf2+ 41. Qxf2 Qe5 42. Qd4 Qxd4 43. Rxd4 Rd7 44. e5 d5 45. Kg2 Kg7 46. Kf3
Rf7+ 47. Rf4 Rxf4+ 48. Kxf4 dxc4 49. bxc4 a4 50. Ke4 g5 51. hxg5 Kg6 52. Kd4
Kxg5 53. c5 bxc5+ 54. Kxc5 Kg4 55. Kd6 Kf5 56. a3 Kg4 57. Kxe6 Kxg3 58. Kf5 h4
59. e6 h3 60. e7 h2 61. e8=Q h1=Q 62. Qe5+ Kf2 63. Qd4+ Ke2 64. Qc4+ Kf2 65.
Qxa4 Qh5+ 66. Ke6 Qg6+ 67. Kd5 Qf7+ 68. Kc5 Qe7+ 1/2-1/2

[Event "Lichtenberger Sommer 2019"]
[Site "Berlin"]
[Date "2019.08.19"]
[Round "3.26"]
[White "Ahlers, Knut"]
[Black "Bornschein, Burkhard"]
[Result "1-0"]
[WhiteElo "1880"]
[BlackElo "2016"]
[PlyCount "103"]
[EventDate "2019.??.??"]
[WhiteTeam "SV Bargteheide"]
[BlackTeam "BSC Rehberge"]

1. e4 c5 2. Nf3 d6 3. d4 cxd4 4. Nxd4 Nf6 5. Nc3 a6 6. f3 e6 7. Be3 Qc7 8. Qd2
Nc6 9. O-O-O b5 10. Ndxb5 axb5 11. Nxb5 Qb8 12. Nxd6+ Bxd6 13. Qxd6 Qxd6 14.
Rxd6 Bd7 15. Bb5 Ne5 16. Bxd7+ Nexd7 17. Kb1 Ke7 18. Rhd1 Rhc8 19. b3 Rab8 20.
a4 Ne5 21. Rb6 Nfd7 22. Rxb8 Rxb8 23. Ka2 Nc6 24. c3 Na5 25. b4 Nc4 26. Bf2 g5
27. Rd4 Nce5 28. Bg3 Rb7 29. Kb3 Nc6 30. Rd2 Na5+ 31. Ka2 Nc4 32. Rc2 e5 33.
Bf2 Ke6 34. b5 Kd6 35. Kb3 Na5+ 36. Kb4 Nc6+ 37. Ka3 Na5 38. c4 Nc5 39. Rd2+
Kc7 40. Kb4 Ncb3 41. Rb2 Kc8 42. Rxb3 Nxb3 43. Kxb3 Rd7 44. Kc2 h5 45. a5 g4
46. a6 f6 47. c5 gxf3 48. gxf3 Rg7 49. Bg3 Rc7 50. c6 Re7 51. Bf2 Kb8 52. b6
1-0

[Event "Lichtenberger Sommer 2019"]
[Site "Berlin"]
[Date "2019.08.19"]
[Round "3.27"]
[White "Möller, Dustin"]
[Black "Bergmann, Jens"]
[Result "0-1"]
[WhiteElo "2178"]
[BlackElo "1829"]
[PlyCount "60"]
[EventDate "2019.??.??"]
[WhiteTeam "Eckernförder SC"]
[BlackTeam "SK Tempelhof 1931"]

1. d4 Nf6 2. Nf3 e6 3. Bf4 d5 4. e3 c5 5. c3 Nc6 6. Nbd2 Be7 7. Bd3 O-O 8. h4
h6 9. Ne5 cxd4 10. exd4 Nxe5 11. dxe5 Nd7 12. Qh5 Nc5 13. Bc2 d4 14. Rh3 d3 15.
Bxh6 g6 16. Qf3 dxc2 17. h5 Bg5 18. Bxg5 Qxg5 19. hxg6 Qxe5+ 20. Kf1 fxg6 21.
Qg4 Qg7 22. Rg3 b6 23. b4 e5 24. Qxg6 Qxg6 25. Rxg6+ Kf7 26. Rg3 Ne6 27. b5 Rd8
28. Ke1 Nf4 29. Nc4 Kf6 30. Ne3 Nd3+ 0-1

[Event "Lichtenberger Sommer 2019"]
[Site "Berlin"]
[Date "2019.08.19"]
[Round "3.28"]
[White "Amelang, Thomas"]
[Black "Wimmer, Thomas"]
[Result "1-0"]
[WhiteElo "2165"]
[BlackElo "1841"]
[PlyCount "50"]
[EventDate "2019.??.??"]
[WhiteTeam "Münchener SC"]
[BlackTeam "SK Marburg"]

1. e4 c6 2. d4 d5 3. e5 Bf5 4. g4 Be4 5. f3 Bg6 6. e6 Qd6 7. exf7+ Bxf7 8. Ne2
e5 9. dxe5 Qxe5 10. Nbc3 Bd6 11. Bf4 Qe7 12. Bxd6 Qxd6 13. Qd4 Qf6 14. O-O-O
Qxd4 15. Nxd4 Ne7 16. Re1 Kd7 17. Bh3 g5 18. Bf1 Ng6 19. Bd3 Na6 20. Bf5+ Kd6
21. Bxg6 Bxg6 22. h4 gxh4 23. f4 Be4 24. Rxh4 Nb4 25. a3 Bxc2 1-0

[Event "Lichtenberger Sommer 2019"]
[Site "Berlin"]
[Date "2019.08.19"]
[Round "3.29"]
[White "Tschernatsch, Johannes"]
[Black "Casny, Guenter"]
[Result "1-0"]
[WhiteElo "2155"]
[BlackElo "1841"]
[PlyCount "81"]
[EventDate "2019.??.??"]
[WhiteTeam "SC Empor Potsdam"]
[BlackTeam "SC Rochade (Berlin)"]

1. e4 g6 2. d4 d6 3. f4 Bg7 4. Nf3 Nd7 5. c4 c6 6. Nc3 a6 7. Be2 Qc7 8. O-O Nf8
9. Kh1 Bd7 10. a4 a5 11. Be3 h6 12. Qb3 e6 13. d5 c5 14. dxe6 fxe6 15. Rad1 Ne7
16. e5 dxe5 17. fxe5 Bc6 18. Bxc5 Nd7 19. Bd6 Qb6 20. Nb5 Bxb5 21. cxb5 Nd5 22.
Rxd5 exd5 23. Qxd5 Nf8 24. Bc4 O-O-O 25. Qf7 Rxd6 26. Qxg7 Rh7 27. Qxf8+ Rd8
28. Qf6 Qc5 29. b3 Re7 30. e6 g5 31. h3 Rg8 32. Ne5 Reg7 33. e7 Rxe7 34. Bxg8
Rxe5 35. Qf8+ Qxf8 36. Rxf8+ Kc7 37. Rf7+ Kb6 38. Rf6+ Kc5 39. Rxh6 g4 40. hxg4
Rg5 41. Rh5 1-0

[Event "Lichtenberger Sommer 2019"]
[Site "Berlin"]
[Date "2019.08.19"]
[Round "3.30"]
[White "Nohr, Jonas"]
[Black "Matitschka, Johannes"]
[Result "1-0"]
[WhiteElo "2126"]
[BlackElo "1815"]
[PlyCount "63"]
[EventDate "2019.??.??"]
[WhiteTeam "Königsjäger Süd-West"]
[BlackTeam "TSG Oberschöneweide"]

1. c4 Nf6 2. Nc3 c5 3. g3 g6 4. Bg2 Bg7 5. a3 Nc6 6. Rb1 a5 7. d3 O-O 8. Bd2 h6
9. Nf3 e6 10. Qc1 Kh7 11. O-O d5 12. Nb5 Qe7 13. cxd5 exd5 14. Re1 Bd7 15. Bf4
Ne8 16. h4 Ne5 17. Nc3 Nc7 18. Nxe5 Bxe5 19. Bxh6 Bc6 20. Bxf8 Rxf8 21. e4 d4
22. Nd5 Qd6 23. f4 Bg7 24. e5 Qd7 25. Nxc7 Bxg2 26. Kxg2 Qxc7 27. Re4 Rd8 28.
h5 b5 29. hxg6+ Kxg6 30. f5+ Kxf5 31. Qf4+ Ke6 32. Qg4+ 1-0

[Event "Lichtenberger Sommer 2019"]
[Site "Berlin"]
[Date "2019.08.19"]
[Round "3.31"]
[White "Hoyer, Olaf"]
[Black "Hahlbohm, Matthias"]
[Result "1-0"]
[WhiteElo "1824"]
[BlackElo "2041"]
[PlyCount "65"]
[EventDate "2019.??.??"]
[WhiteTeam "SC BS Gliesmarode"]
[BlackTeam "TSG Oberschöneweide"]

1. d4 d5 2. Nf3 e6 3. b3 f5 4. Bb2 Nd7 5. e3 Ngf6 6. Nbd2 Be7 7. Bd3 O-O 8. O-O
Ne4 9. c4 c6 10. Rc1 Rf6 11. Ne5 Nxe5 12. dxe5 Rh6 13. Nf3 Bd7 14. cxd5 cxd5
15. Qc2 Rc8 16. Qb1 Bc5 17. a3 a5 18. b4 axb4 19. axb4 Bxb4 20. Bd4 Ba3 21.
Rxc8 Qxc8 22. Qb3 Be7 23. Rb1 Bc6 24. Bb5 Qe8 25. Qa4 g5 26. Bxc6 bxc6 27. Qa7
Bf8 28. Rb8 Qf7 29. Qa8 Qg7 30. Nd2 Qe7 31. Nxe4 fxe4 32. Qxc6 Qa3 33. Qc5 1-0

[Event "Lichtenberger Sommer 2019"]
[Site "Berlin"]
[Date "2019.08.19"]
[Round "3.32"]
[White "Kapr, Klaus"]
[Black "Mock, Peter"]
[Result "1-0"]
[WhiteElo "2031"]
[BlackElo "1784"]
[PlyCount "75"]
[EventDate "2019.??.??"]
[WhiteTeam "SC Friesen Lichtenberg"]
[BlackTeam "SC Rochade (Berlin)"]

1. e4 c6 2. d4 d5 3. exd5 cxd5 4. c4 Nf6 5. Nc3 g6 6. Qb3 Bg7 7. cxd5 O-O 8.
Nf3 Nbd7 9. Bc4 Nb6 10. O-O Bf5 11. Bg5 Rc8 12. Be2 Nfxd5 13. Rfd1 h6 14. Bh4
Be6 15. Qa3 a6 16. Rac1 Re8 17. Ne4 Nf4 18. Bf1 Rxc1 19. Rxc1 Bd5 20. Qe3 Ne6
21. Nc5 Nd7 22. b3 Ndxc5 23. dxc5 Qa5 24. a4 Qb4 25. Bc4 Bxf3 26. Qxf3 Qxc5 27.
Qxb7 a5 28. Qb5 Rc8 29. Qxc5 Rxc5 30. Bxe7 Rc7 31. Bd6 Rd7 32. Bg3 Rd2 33. h3
Rb2 34. Bxe6 fxe6 35. Rc8+ Kf7 36. Rc7+ Kf8 37. Bd6+ Kg8 38. Rxg7+ 1-0

[Event "Lichtenberger Sommer 2019"]
[Site "Berlin"]
[Date "2019.08.19"]
[Round "3.34"]
[White "Guenther, Thomas"]
[Black "Bade, Heidrun"]
[Result "1/2-1/2"]
[WhiteElo "1985"]
[BlackElo "1783"]
[PlyCount "103"]
[EventDate "2019.??.??"]
[BlackTeam "USV Potsdam"]

1. d4 d5 2. Nf3 Nf6 3. c4 e6 4. Nc3 Be7 5. Bg5 O-O 6. e3 h6 7. Bh4 b6 8. cxd5
exd5 9. Bd3 Nbd7 10. Bg3 c6 11. h3 Re8 12. Rc1 Bb7 13. O-O Bf8 14. Qc2 a6 15.
Rfe1 c5 16. a3 Ne4 17. Bh2 Rc8 18. dxc5 Bxc5 19. Qb3 Ndf6 20. Na4 b5 21. Nxc5
Nxc5 22. Qd1 Nxd3 23. Qxd3 Ne4 24. Qd4 Rc4 25. Qd1 Qf6 26. b3 Rxc1 27. Qxc1 Rc8
28. Qb1 Qc3 29. Be5 Qc2 30. Qxc2 Rxc2 31. Nd4 Rxf2 32. Rc1 Ra2 33. Rc7 f6 34.
Bf4 g5 35. Bxg5 hxg5 36. Rxb7 Rxa3 37. Rd7 Nd2 38. Rxd5 Nxb3 39. Nf5 b4 40. Kh2
Ra5 41. Rd8+ Kf7 42. g4 Re5 43. Rd7+ Ke8 44. Ra7 Nc5 45. Nd6+ Kf8 46. Rf7+ Kg8
47. Rxf6 Kg7 48. Rf2 Ne4 49. Nf5+ Kg6 50. Rc2 a5 51. Rc6+ Kf7 52. Rb6 1/2-1/2

[Event "Lichtenberger Sommer 2019"]
[Site "Berlin"]
[Date "2019.08.19"]
[Round "3.35"]
[White "Bandsom, Olaf"]
[Black "Schabe, Felix"]
[Result "1-0"]
[WhiteElo "1784"]
[BlackElo "1984"]
[PlyCount "111"]
[EventDate "2019.??.??"]
[WhiteTeam "SC Friesen Lichtenberg"]
[BlackTeam "SV Empor Berlin"]

1. e4 d6 2. d4 Nf6 3. Nc3 g6 4. Be2 Bg7 5. Nf3 O-O 6. O-O e5 7. dxe5 dxe5 8.
Qxd8 Rxd8 9. Bg5 Re8 10. Rfd1 Nc6 11. Rd2 Bg4 12. Rad1 Nd4 13. Bxf6 Nxe2+ 14.
Rxe2 Bxf6 15. Red2 Bxf3 16. gxf3 Kf8 17. Rd7 Re7 18. Rd8+ Re8 19. Rxa8 Rxa8 20.
Rd7 Bd8 21. Nb5 Rc8 22. Nxa7 Ke8 23. Rd5 Ra8 24. Rxe5+ Be7 25. Nb5 Rxa2 26.
Nxc7+ Kd7 27. Nd5 Bd8 28. Ne3 Rxb2 29. Rd5+ Ke8 30. Kg2 b5 31. Rd3 Bg5 32. Rb3
Rxb3 33. cxb3 Bxe3 34. fxe3 Ke7 35. Kf2 Kd6 36. Ke2 Kc5 37. Kd3 Kb4 38. Kc2 g5
39. h3 h5 40. Kb2 f6 41. Kc2 Ka3 42. Kc3 b4+ 43. Kc4 h4 44. e5 fxe5 45. e4 Kb2
46. Kxb4 Kc2 47. Kc5 Kd2 48. b4 Ke3 49. b5 Kxf3 50. b6 g4 51. b7 gxh3 52. b8=Q
h2 53. Qb1 Kg2 54. Qc2+ Kg3 55. Qd1 Kg2 56. Qe2+ 1-0

[Event "Lichtenberger Sommer 2019"]
[Site "Berlin"]
[Date "2019.08.19"]
[Round "3.36"]
[White "Nöldner, Julian"]
[Black "Eisheh, Jens-Tarek"]
[Result "1-0"]
[WhiteElo "1975"]
[BlackElo "1779"]
[PlyCount "47"]
[EventDate "2019.??.??"]
[WhiteTeam "SV Empor Berlin"]
[BlackTeam "Lübecker SV"]

1. g3 Nf6 2. Bg2 d5 3. Nf3 e6 4. O-O Be7 5. c4 O-O 6. b3 c6 7. Bb2 b6 8. Ne5
Bb7 9. e3 Nbd7 10. f4 Rc8 11. Qe2 c5 12. d3 Qc7 13. Nd2 Bd6 14. Ndf3 Ne8 15.
Ng5 Nxe5 16. fxe5 Bxe5 17. Qh5 h6 18. Nxe6 fxe6 19. Bxe5 Qe7 20. Rxf8+ Qxf8 21.
Rf1 Qe7 22. Qg6 Nc7 23. Bh3 dxc4 24. Bxc7 1-0

[Event "Lichtenberger Sommer 2019"]
[Site "Berlin"]
[Date "2019.08.19"]
[Round "3.37"]
[White "Schindler, Rudolf"]
[Black "Rogozenco, Teodora"]
[Result "1/2-1/2"]
[WhiteElo "1780"]
[BlackElo "1974"]
[PlyCount "109"]
[EventDate "2019.??.??"]
[WhiteTeam "Lasker Steglitz-Wilmersdorf"]
[BlackTeam "Hamburger SK"]

1. e4 d6 2. Nf3 Nf6 3. d3 e5 4. Be2 Be7 5. O-O O-O 6. c3 c5 7. Nbd2 Nc6 8. a4
d5 9. Qc2 b6 10. Re1 Re8 11. Nf1 Bb7 12. Ng3 Bf8 13. h3 g6 14. Bf1 Bg7 15. Bd2
Qd7 16. Rad1 Rad8 17. Bc1 Qc8 18. Bg5 h6 19. Bd2 Qa8 20. Qc1 Kh7 21. Qc2 Bc8
22. Be2 Be6 23. Ra1 Qb8 24. Bd1 dxe4 25. dxe4 Na5 26. Qc1 c4 27. Be3 Nd7 28. h4
Nc5 29. Bxc5 bxc5 30. Qc2 Nb3 31. Ra3 Rd6 32. h5 Red8 33. hxg6+ fxg6 34. Nf1
R8d7 35. Qb1 Bg4 36. Ng5+ hxg5 37. Bxg4 Rb7 38. Rd1 Rbb6 39. a5 Rb5 40. a6 Rdb6
41. Ne3 Na5 42. Rxa5 Rxa5 43. Nxc4 Rbxa6 44. Qd3 Rf6 45. f3 Ra2 46. Kf2 Rxb2+
47. Nxb2 Qxb2+ 48. Kg3 Qb3 49. Rb1 Qf7 50. c4 Rb6 51. Rh1+ Kg8 52. Qd8+ Qf8 53.
Qd5+ Qf7 54. Qd8+ Qf8 55. Qd5+ 1/2-1/2

[Event "Lichtenberger Sommer 2019"]
[Site "Berlin"]
[Date "2019.08.19"]
[Round "3.38"]
[White "Manz, Andreas"]
[Black "Schulz, Olaf"]
[Result "0-1"]
[WhiteElo "1775"]
[BlackElo "1957"]
[PlyCount "143"]
[EventDate "2019.??.??"]
[WhiteTeam "BSV 63 Chemie Weißensee"]

1. d4 d5 2. c4 e6 3. Nc3 c6 4. cxd5 exd5 5. Bf4 Nf6 6. e3 Qb6 7. Rb1 Bf5 8. Bd3
Bxd3 9. Qxd3 Be7 10. Nf3 Nbd7 11. O-O O-O 12. b4 a6 13. Na4 Qb5 14. Qb3 a5 15.
bxa5 Qxa5 16. Nc3 b5 17. Rfc1 Rfc8 18. Rc2 Nb6 19. Ne5 Nh5 20. Ne2 Nc4 21. Nxc4
dxc4 22. Qb2 Ba3 23. Qc3 Nxf4 24. Nxf4 Qxc3 25. Rxc3 Bd6 26. Rb2 Bxf4 27. exf4
Rd8 28. Rd2 Rd5 29. Re3 Kf8 30. Kf1 Rad8 31. Re5 Rxd4 32. Rxd4 Rxd4 33. Rc5
Rd1+ 34. Ke2 Ra1 35. Rxc6 Rxa2+ 36. Ke3 Ke7 37. Rb6 Rb2 38. Rb7+ Ke6 39. Kd4
Rxf2 40. Rxb5 Rxg2 41. Kxc4 Rg4 42. Kd3 Rxf4 43. Rh5 h6 44. Ke3 Rf5 45. Rh4 Ra5
46. Kf3 Ra3+ 47. Kg2 Kf5 48. Rb4 g5 49. Rb7 f6 50. Rb4 h5 51. Rb5+ Kg6 52. Rc5
h4 53. h3 Ra2+ 54. Kg1 Re2 55. Ra5 Re5 56. Ra8 Kf5 57. Ra6 Kf4 58. Rxf6+ Kg3
59. Rf1 Kxh3 60. Rf3+ Kg4 61. Ra3 Kf4 62. Kf2 g4 63. Ra4+ Re4 64. Ra8 g3+ 65.
Kg2 Re2+ 66. Kg1 h3 67. Ra4+ Kf3 68. Ra3+ Re3 69. Ra1 h2+ 70. Kh1 Kg4 71. Rf1
Kh3 72. Rf2 0-1

[Event "Lichtenberger Sommer 2019"]
[Site "Berlin"]
[Date "2019.08.19"]
[Round "3.39"]
[White "Kutschke, Jens"]
[Black "Kohlmeyer, Dagobert"]
[Result "1-0"]
[WhiteElo "1953"]
[BlackElo "1776"]
[PlyCount "133"]
[EventDate "2019.??.??"]
[WhiteTeam "SF 1903 Berlin"]
[BlackTeam "SG Weißensee 49"]

1. e4 e6 2. d4 d5 3. exd5 exd5 4. Nf3 Bd6 5. Bd3 Qe7+ 6. Be3 Nf6 7. O-O O-O 8.
Re1 Bg4 9. Nbd2 Ne4 10. h3 Bh5 11. Bg5 Qxg5 12. Nxg5 Bxd1 13. Bxe4 dxe4 14.
Raxd1 f5 15. Nc4 Rf6 16. h4 h6 17. Nh3 Nc6 18. Nxd6 Rxd6 19. c3 Rad8 20. g3 Kf7
21. Nf4 Ne7 22. Ra1 g5 23. Ng2 Nd5 24. Kf1 Rb6 25. Rab1 Rc6 26. g4 Kf6 27.
hxg5+ hxg5 28. Ne3 Nxe3+ 29. Rxe3 Rh8 30. Ke2 Rh4 31. Rg1 a5 32. gxf5 Kxf5 33.
Reg3 g4 34. Ke3 Rb6 35. b3 Rh3 36. c4 Rbh6 37. R1g2 c6 38. a3 b6 39. Rg1 Rxg3+
40. fxg3 Rh3 41. b4 Rh2 42. bxa5 bxa5 43. Rf1+ Kg5 44. Kxe4 Re2+ 45. Kd3 Ra2
46. a4 Rxa4 47. Ke4 Rxc4 48. Rf5+ Kg6 49. Rxa5 Kf6 50. Rf5+ Kg6 51. Rc5 Rxc5
52. dxc5 Kf6 53. Kf4 Ke6 54. Kxg4 Kd5 55. Kf5 Kxc5 56. g4 Kd4 57. g5 c5 58. g6
c4 59. g7 c3 60. g8=Q c2 61. Qc8 Kd3 62. Kf4 Kd2 63. Qd7+ Kc1 64. Ke3 Kb1 65.
Qb5+ Kc1 66. Kd3 Kd1 67. Qb3 1-0

[Event "Lichtenberger Sommer 2019"]
[Site "Berlin"]
[Date "2019.08.19"]
[Round "3.40"]
[White "Seitz, Manuel"]
[Black "Schmidt, Fabian"]
[Result "1-0"]
[WhiteElo "1764"]
[BlackElo "1952"]
[PlyCount "43"]
[EventDate "2019.??.??"]
[WhiteTeam "SC Falkensee"]
[BlackTeam "Königsjäger Süd-West"]

1. e4 e5 2. Nf3 Nc6 3. Bc4 Bc5 4. d4 Bxd4 5. Nxd4 Nxd4 6. Be3 Nc6 7. Qg4 Qf6 8.
Nc3 d5 9. Qg3 Nb4 10. Nxd5 Nxd5 11. Bxd5 h6 12. O-O-O Ne7 13. Rhf1 g5 14. Rd2
Ng6 15. Bc5 c6 16. Bc4 b6 17. Bb4 a5 18. Bd6 b5 19. Be2 Nf4 20. Bg4 h5 21. Qc3
Bb7 22. Bd7+ 1-0

[Event "Lichtenberger Sommer 2019"]
[Site "Berlin"]
[Date "2019.08.19"]
[Round "3.41"]
[White "Patzenhauer, Max"]
[Black "Neuwald, Volker"]
[Result "0-1"]
[WhiteElo "1945"]
[BlackElo "1774"]
[PlyCount "144"]
[EventDate "2019.??.??"]
[WhiteTeam "SV Motor Wildau"]
[BlackTeam "SK Ottenau"]

1. d4 Nf6 2. Nf3 c5 3. e3 Qb6 4. b3 d5 5. Bd3 Nc6 6. O-O cxd4 7. exd4 Bg4 8. c3
e6 9. Re1 Be7 10. Bb2 O-O 11. Nbd2 Rac8 12. Rc1 a6 13. Qe2 Qc7 14. c4 Qf4 15.
cxd5 Nxd5 16. Qe4 Qxe4 17. Bxe4 Bf6 18. Ne5 Nxe5 19. dxe5 Bg5 20. Rxc8 Rxc8 21.
Nc4 b5 22. Nd6 Rc7 23. f3 Bh5 24. Rd1 Nc3 25. Bxc3 Rxc3 26. Bb7 Rc2 27. Bxa6
Rxa2 28. Bxb5 Rb2 29. Bc4 Bg6 30. Re1 h6 31. Re2 Rb1+ 32. Kf2 Bd8 33. Nb5 h5
34. Nc3 Rc1 35. Na2 Rb1 36. Nc3 Rc1 37. Na4 h4 38. Rb2 Ba5 39. Ke3 Bb4 40. Kf4
Bf5 41. Re2 Rd1 42. Kg5 Be7+ 43. Kf4 Bb4 44. Ke3 Kf8 45. g3 hxg3 46. hxg3 Ke7
47. Kf2 Kf8 48. Kg2 Ke7 49. Bb5 Rb1 50. g4 Bg6 51. Bc4 Rd1 52. Nb2 Rd8 53. Bb5
Rd5 54. Bc4 Rd8 55. Kg3 Rd7 56. Re3 Bd2 57. Re2 Bb4 58. Na4 Rd1 59. Ra2 Rc1 60.
Kf4 Rd1 61. Nb6 Rd8 62. Ra7+ Kf8 63. Nd7+ Kg8 64. Rb7 Bd2+ 65. Kg3 Kh7 66. Bb5
Bc3 67. Rc7 Be1+ 68. Kh3 Kh6 69. f4 Be4 70. Nc5 Bd5 71. Rxf7 Kg6 72. Rc7 Rh8#
0-1

[Event "Lichtenberger Sommer 2019"]
[Site "Berlin"]
[Date "2019.08.19"]
[Round "3.42"]
[White "Müller, Johannes"]
[Black "Matitschka, Heinz"]
[Result "0-1"]
[WhiteElo "1760"]
[BlackElo "1930"]
[PlyCount "111"]
[EventDate "2019.??.??"]
[WhiteTeam "SC Eintracht Berlin"]
[BlackTeam "TSG Oberschöneweide"]

1. d4 Nf6 2. f4 d5 3. Nf3 e6 4. e3 c5 5. c3 Nc6 6. Bd3 Be7 7. O-O Bd7 8. Qc2
Rc8 9. h3 cxd4 10. exd4 Nb4 11. Qe2 Nxd3 12. Qxd3 a6 13. Re1 O-O 14. Nbd2 Nh5
15. Nf1 Qc7 16. Ne5 Bb5 17. Qf3 Nf6 18. g4 Ne4 19. Ng3 Bh4 20. Nxe4 Bxe1 21.
Nc5 b6 22. a4 bxc5 23. axb5 axb5 24. dxc5 Bh4 25. Be3 Be7 26. b4 Ra8 27. Rc1
Ra3 28. Bd4 Rfa8 29. g5 f6 30. gxf6 Bxf6 31. Qg4 Qe7 32. c6 Ra1 33. Rxa1 Rxa1+
34. Kg2 Ra2+ 35. Kf3 Bxe5 36. Bxe5 Qf7 37. Qg1 Qh5+ 38. Qg4 Qxg4+ 39. hxg4 Ra6
40. c7 Rc6 41. Ke3 Kf7 42. Kd3 h6 43. Bd6 Ke8 44. Kd4 Kd7 45. Be5 Rc4+ 46. Kd3
g6 47. Ke3 Rxc7 48. Bxc7 Kxc7 49. Kd3 Kd6 50. Kd4 h5 51. g5 h4 52. Ke3 d4+ 53.
cxd4 Kd5 54. f5 exf5 55. Kf3 Kxd4 56. Kf4 0-1

[Event "Lichtenberger Sommer 2019"]
[Site "Berlin"]
[Date "2019.08.19"]
[Round "3.43"]
[White "Schubert, Joachim"]
[Black "Woinowski, Michael"]
[Result "1-0"]
[WhiteElo "1923"]
[BlackElo "1768"]
[PlyCount "115"]
[EventDate "2019.??.??"]
[WhiteTeam "SC Friesen Lichtenberg"]
[BlackTeam "SC Kreuzberg"]

1. e4 e5 2. Nf3 Nc6 3. Bb5 a6 4. Ba4 Nf6 5. O-O b5 6. Bb3 Bc5 7. c3 d6 8. d4
Bb6 9. h3 Bb7 10. Re1 O-O 11. Bg5 h6 12. Bh4 g5 13. Bg3 Re8 14. d5 Ne7 15. Nbd2
c6 16. dxc6 Bxc6 17. Kh2 Ng6 18. Qc2 Qc7 19. Rad1 Rad8 20. Nf1 Qb7 21. N3d2 Nf4
22. Bxf4 exf4 23. e5 Nd5 24. e6 Kg7 25. Qf5 fxe6 26. Rxe6 Rxe6 27. Qxe6 Re8 28.
Qf5 Re5 29. Qd3 Nf6 30. f3 d5 31. Bc2 Be8 32. Nb3 Bf7 33. Nd4 Kf8 34. Qd2 h5
35. Qf2 Be8 36. g3 fxg3+ 37. Nxg3 h4 38. Nge2 Qe7 39. f4 Ne4 40. Bxe4 Rxe4 41.
fxg5+ Kg8 42. Qf3 Qe5+ 43. Kh1 Bc7 44. Qf2 Re3 45. Ng1 Bh5 46. Rf1 Bd6 47. Qg2
Rg3 48. Qh2 Bg6 49. Ngf3 Be4 50. Re1 Bxf3+ 51. Nxf3 Qf5 52. Nxh4 Qf4 53. Ng2
Qf2 54. Rd1 Qe2 55. Re1 Qf3 56. Re3 Qf1+ 57. Qg1 Rxh3+ 58. Rxh3 1-0

[Event "Lichtenberger Sommer 2019"]
[Site "Berlin"]
[Date "2019.08.19"]
[Round "3.44"]
[White "Scheide, Helmut"]
[Black "Vollmar, Torsten"]
[Result "0-1"]
[WhiteElo "1921"]
[BlackElo "1764"]
[PlyCount "94"]
[EventDate "2019.??.??"]
[WhiteTeam "USV Potsdam"]
[BlackTeam "BSV 63 Chemie Weißensee"]

1. Nf3 d5 2. d4 Nf6 3. c4 e6 4. Nc3 Be7 5. e3 O-O 6. Bd3 c5 7. O-O Nc6 8. a3 b6
9. Ne5 Bb7 10. b3 a6 11. Bb2 Bd6 12. Ne2 Bxe5 13. dxe5 Ng4 14. cxd5 exd5 15.
Nf4 Qh4 16. h3 Ngxe5 17. Nxd5 Rad8 18. e4 Nxd3 19. Qxd3 Nd4 20. Nxb6 Bxe4 21.
Qc4 Qg5 22. f3 Nxf3+ 23. Rxf3 Bxf3 24. Qf1 Qxg2+ 25. Qxg2 Bxg2 26. Bxg7 Kxg7
27. Kxg2 Rd2+ 28. Kf3 Rd3+ 29. Ke4 Rxb3 30. Rg1+ Kh6 31. Nd7 Re8+ 32. Kf4 Rxa3
33. Nf6 Rd8 34. h4 Rd4+ 35. Kf5 Rf3+ 36. Ke5 Rxf6 37. Kxf6 Rf4+ 38. Ke5 Rxh4
39. Ra1 Kg5 40. Rxa6 f6+ 41. Kd5 c4 42. Ra3 f5 43. Rg3+ Rg4 44. Rh3 h5 45. Ra3
h4 46. Ke5 Re4+ 47. Kd5 Kg4 0-1

[Event "Lichtenberger Sommer 2019"]
[Site "Berlin"]
[Date "2019.08.19"]
[Round "3.45"]
[White "Verbitsky, Jaroslaw"]
[Black "Jansen, Robert"]
[Result "0-1"]
[WhiteElo "1917"]
[BlackElo "1746"]
[PlyCount "70"]
[EventDate "2019.??.??"]
[WhiteTeam "SV Mattnetz Berlin"]
[BlackTeam "SC Kreuzberg"]

1. e4 e5 2. Nf3 Nc6 3. d4 exd4 4. Nxd4 Bc5 5. Be3 Qf6 6. c3 Nge7 7. g3 d5 8.
Nb5 Bxe3 9. fxe3 O-O 10. Nxc7 Rb8 11. Nxd5 Nxd5 12. exd5 Ne5 13. Be2 Bh3 14. c4
Rfe8 15. Nc3 Qg5 16. Qd4 Bg2 17. Rg1 Bf3 18. Qf4 Qh5 19. g4 Qh4+ 20. Qg3 Qxg3+
21. Rxg3 Bxe2 22. Kxe2 Nxc4 23. b3 Nd6 24. Kd3 Rbc8 25. Rg2 b5 26. a4 a6 27.
axb5 axb5 28. Ra6 b4 29. Na2 Ne4 30. Rb6 Nc5+ 31. Ke2 Nxb3 32. Rxb4 Na5 33. Rd4
g6 34. Kf3 Nc4 35. Rc2 Ne5+ 0-1

[Event "Lichtenberger Sommer 2019"]
[Site "Berlin"]
[Date "2019.08.19"]
[Round "3.46"]
[White "Jugert, Ole"]
[Black "Bender, Sebastian"]
[Result "1/2-1/2"]
[WhiteElo "1739"]
[BlackElo "1911"]
[PlyCount "24"]
[EventDate "2019.??.??"]
[WhiteTeam "SK Zehlendorf"]
[BlackTeam "SC Zugzwang 95 (Berlin)"]

1. d4 Nf6 2. c4 g6 3. Nc3 Bg7 4. Nf3 d6 5. Bf4 O-O 6. e3 Nbd7 7. Be2 c5 8. h3
Re8 9. O-O a6 10. a4 b6 11. d5 h6 12. Qd2 g5 1/2-1/2

[Event "Lichtenberger Sommer 2019"]
[Site "Berlin"]
[Date "2019.08.19"]
[Round "3.47"]
[White "Landt, Stefan"]
[Black "Zesewitz, Maik"]
[Result "1-0"]
[WhiteElo "1910"]
[BlackElo "1742"]
[PlyCount "181"]
[EventDate "2019.??.??"]
[WhiteTeam "SC Kreuzberg"]
[BlackTeam "SF Friedrichshagen"]

1. d4 c5 2. d5 d6 3. c4 Nf6 4. Nc3 g6 5. e4 Bg7 6. Be2 e5 7. Be3 O-O 8. h4 Qd7
9. h5 Na6 10. Nh3 Ng4 11. Bg5 f6 12. Bd2 g5 13. Nb5 Nh6 14. f3 Nc7 15. Nc3 b6
16. g4 Nf7 17. Nf2 h6 18. Qb3 Rb8 19. Nfd1 Nd8 20. Nb5 a6 21. Nxc7 Qxc7 22. Nc3
Bd7 23. Kf2 Nf7 24. Rhb1 Rb7 25. Qa3 a5 26. Bd1 Ra8 27. Ba4 Rba7 28. Bxd7 Qxd7
29. Nb5 Ra6 30. Qa4 Bf8 31. Re1 Nd8 32. Re3 Nf7 33. Ra3 Qb7 34. Nc3 Be7 35. Qb5
Kf8 36. Ra4 Bd8 37. Ke2 Ke7 38. Kd3 Qd7 39. Qb3 Qb7 40. Be3 Qc8 41. Qd1 Kd7 42.
a3 Ke7 43. Ra2 Kd7 44. Qa1 Kc7 45. Nb5+ Kb8 46. Bd2 Qb7 47. b4 axb4 48. axb4
Rxa4 49. Rxa4 Rxa4 50. Qxa4 Qa8 51. Qxa8+ Kxa8 52. Kc2 Kb7 53. Kb3 Ka6 54. Ka4
Kb7 55. Na3 Ka6 56. Nc2 Be7 57. Na3 Bd8 58. Be1 Be7 59. Nb5 Kb7 60. Nc3 Ka6 61.
Ne2 Nd8 62. Ng3 Nb7 63. Nf5 Bf8 64. b5+ Ka7 65. f4 exf4 66. Bc3 Nd8 67. Bxf6
Nf7 68. Kb3 Kb7 69. Kc3 Kc7 70. e5 dxe5 71. Kd3 Kd7 72. Ke4 Nd6+ 73. Nxd6 Kxd6
74. Bd8 Kd7 75. Bxb6 Bd6 76. Ba5 Kc8 77. Be1 Kd7 78. Bf2 Kc8 79. Kf5 Kb7 80.
Be1 Kb6 81. Bc3 Kc7 82. Ba5+ Kd7 83. Be1 Kc8 84. Ke6 Bc7 85. d6 Bb6 86. d7+ Kd8
87. Bc3 Bc7 88. b6 Bb8 89. Ba5 f3 90. b7+ Bc7 91. b8=Q# 1-0